A Literary Logic Puzzle Quiz Stats

 Plays Quiz Updated Aug 24, 2018

Score 0/25 Timer 14:00
0 Plays Today
Book Clue % Correct


2001: A Space Odyssey

 
???
100%

Nineteen Eighty-
Four

 
???
70.2%


Ender's Game

 
???
60.3%

Harry Potter and the Goblet of Fire
 
???
56%


The Golden Compass

 
???
55.3%


Holes


???
50.8%

The Fault in Our Stars

 
???
49.3%


Wuthering Heights

 
???
43.1%


Jane Eyre


 
???
40.5%


Lord of
the Flies

 
???
36.7%

Something Wicked This Way Comes
 
???
35.4%

The Red Badge of Courage

 
???
33.7%

The Old Man and the Sea

 
???
33.3%
Book Clue % Correct

Pride and Prejudice

???
33.2%


The Brothers Karamazov

 
???
32.4%


The Great Gatsby

 
???
30.4%


Anna Karenina

 
???
27.6%

The Catcher in the Rye

 
???
27.1%


Treasure Island

 
???
25.8%


The Aeneid

 
???
24.7%


Crime and Punishment

 
???
23.8%

Adventures of Huckleberry Finn
 
???
23.8%


Slaughterhouse
-Five

 
???
22.6%


Absalom, Absalom!

 
???
20.3%


To Kill a Mockingbird

 
???
19.8%

You're not logged in!

Compare scores with friends on all Sporcle quizzes.
OR
Log In

Show Comments

Extras

Top Quizzes Today


Score Distribution

Your Account Isn't Verified!

In order to create a playlist on Sporcle, you need to verify the email address you used during registration. Go to your Sporcle Settings to finish the process.

Report this User

Report this user for behavior that violates our Community Guidelines.

Details: